| 000 | 01243nam a22003617a 4500 | ||
|---|---|---|---|
| 003 | CHAP | ||
| 005 | 20220329135747.0 | ||
| 008 | 971013s1972 r 00010 d | ||
| 010 | _a41622 | ||
| 011 | _a42594 | ||
| 035 | _a46723 | ||
| 040 | _cCHAP | ||
| 090 | _aTesis | ||
| 100 | 0 | 0 |
_aMuñoz Orozco, Abel. _979649 |
| 245 | _aEstudio preliminar sobre un método de selección para resistencia a sequía en maíz | ||
| 260 |
_aChapingo, Méx. : _bEl autor, _c1972 |
||
| 300 |
_a60 h. _b; apénd |
||
| 502 | _aTesis (M.C. Esp. en Genética) -- ENA. Colegio de Postgraduados | ||
| 590 |
_aALEPH _b10 _c20130110 _lUCH01 _h1310 |
||
| 590 |
_aBATCH-UPD _b10 _c20130110 _lUCH01 _h1128 |
||
| 590 |
_aBATCH-UPD _b10 _c20130410 _lUCH01 _h0717 |
||
| 590 |
_aBATCH-UPD _b10 _c20130914 _lUCH01 _h1751 |
||
| 590 |
_aCONVERSION _b10 _c20130109 _lUCH01 _h1323 |
||
| 650 | 1 | 4 |
_aMaíz _xEfecto de las sequías. _970933 |
| 650 | 1 | 4 |
_aPlantas _xResistencia a sequía. _988886 |
| 901 | _aBK | ||
| 942 | _cFOLL | ||
| 949 |
_bBC _cTES _d-106465 _eTS1 _i46723 _si |
||
| 949 |
_bBC _cTES _d-106466 _eTS2 _fc.2 _i46723 _si |
||
| 949 |
_bBC _cTES _d-106467 _eTS2 _fc.3 _i46723 _si |
||
| 949 |
_bBC _cTES _d-106469 _eTS2 _fc.4 _i46723 _si |
||
| 949 |
_bBC _cTES _d-106470 _eTS2 _fc.5 _i46723 _si |
||
| 999 |
_c41622 _d41622 |
||